Statystyki dla BAZÓWKI GIS

Kliknij tutaj aby rozwiązać quiz!

Ogólne statystyki

  • Ten quiz został rozwiązany 21 razy
  • Średni wynik to 43 z 61

Statystyki odpowiedzi

Odpowiedź% Poprawnych
arteria carotis communis
100%
arteria carotis externa
100%
arteria carotis interna
100%
arteria facialis
100%
glandula parotidea
100%
glandula submandibularis
100%
musculus masseter
100%
arteria maxillaris
83%
arteria subclavia
83%
arteria temporalis superficialis
83%
gingiva superior
83%
labium inferius
83%
labium superius
83%
lingua
83%
musculus scalenus anterior
83%
musculus sternocleidomastoideus
83%
musculus temporalis
83%
nasus externus
83%
nervus alveolaris inferior
83%
nervus lingualis
83%
os hyoideum
83%
ostium pharyngeum tubae auditivae
83%
palpebra inferior
83%
palpebra superior
83%
rima oris
83%
sinus frontalis
83%
sinus maxillaris
83%
sinus sphenoidalis
83%
vena jugularis externa
83%
vena jugularis interna
83%
concha nasalis inferior
67%
concha nasalis media
67%
gingiva inferior
67%
mentum
67%
musculus digastricus
67%
nervus hypoglossus
67%
nervus opticus
67%
sinus sagittalis superior
67%
sinus sigmoideus
67%
sinus transversus
67%
tonsilla palatina
67%
tonsilla pharyngea
67%
vena subclavia
67%
auris interna
50%
bulbus oculi
50%
cartilago thyroidea
50%
cavum tympani
50%
ganglion trigeminale
50%
glandula thyroidea
50%
nervus phrenicus
50%
nervus vagus
50%
palatum durum
50%
palatum molle
50%
plexus brachialis
50%
plica vocalis
50%
prominentia laryngea
50%
trachea
50%
uvula
50%
epiglottis
33%
falx cerebri
33%
tentorium cerebelli
33%

Rozkład punktacji

Percentyl według liczby udzielonych odpowiedzi

Procent ludzi z każdym wynikiem

Twoja historia wyników

Nie rozwiązałeś tego quizu